Une carrière #1 Zinedine Zidane - Statistiques

Statistiques générales
  • Ce quiz a été pris 861 fois
  • Le résultat moyen est 14 sur 25
Statistiques - réponses
Hint Réponse % Correct
2001-2006 Réal Madrid
98%
Equipe entrainée Réal Madrid
98%
1996-2001 Juventus de Turin
96%
Selection France
94%
1992-1996 Girondins de Bordeaux
91%
2002 Ligue des Champions
88%
2016, 2017, 2018 Ligue des Champions
88%
1998 Coupe du Monde
83%
2003 Liga
82%
2017, 2020 Liga
82%
1988-1992 AS Cannes
80%
2000 Euro
69%
1997, 1998 Serie A
66%
1998 Ballon d'or
56%
2001, 2003 Supercoupe d'Espagne
37%
2017, 2020 Supercoupe d'Espagne
37%
2016, 2017 Coupe du monde des clubs
36%
1996 Supercoupe d'Europe
29%
2002 Supercoupe d'Europe
29%
2016, 2017 Supercoupe d'Europe
29%
1997 Supercoupe d'Italie
18%
1995 Coupe Intertoto
16%
1999 Coupe Intertoto
16%
1996 Coupe Intercontinentale
5%
2002 Coupe Intercontinentale
5%
Aucun quiz correspondant
Distribution des résultats
% des personnes avec chaque résultat
Percentile par nombre de réponses
Votre historique - résultats
Vous n’avez pas pris ce quiz